LEADER 01509nas a2200265 a 4500 001 000000106196 003 CaOOAMICUS 005 20140623104236.0 008 070710d19301939it ur p 0 0ita r 040 $aPUL$bita$dGP 245 10$aMemorie della Classe di scienze fisiche, matematiche e naturali /$cReale Accademia d'Italia. 260 $aRoma :$bReale Accademia d'Italia 300 $a10 v. ;$c25 cm. 362 1 $aInizia nel 1930; cessa nel 1939 500 $aDescrizione basata su: vol. 6 (1935). 580 $aContinuato da: Atti della R. Accademia d'Italia. Memoria della Classe di scienze fisiche, matematiche e naturali. 710 2 $aReale Accademia d'Italia.$0(OLS)http://pul/name/5817 850 $aPUL 852 $aPUL$W1$xDP2 Filosofia 1$y62$m97 Z 30$j119711$avol. 9 (1938).$qStampati$B119447$CPULBib$Z2$F119447 $82 852 $aPUL$W1$xDP2 Filosofia 1$y62$m97 Z 27$j155931$av. 5$qStampati$B119167$CPULBib$Z2$F119167 $H84069 $82 852 $aPUL$W1$xDP2 Filosofia 1$y62$m97 Z 28$j155932$avol. 6, par. 2 (1935)$qStampati$B119884$CPULBib$Z2$F119884 $H84071 $82 852 $aPUL$W1$xDP2 Filosofia 1$y62$m97 Z 29$j155933$avol. 7 (1936)$qStampati$B119883$CPULBib$Z2$F119883 $H84072 $82 941 1 $a8 996 $6245$aMemorie della Classe di scienze fisiche, matematiche e naturali$9(OLS)http://pul/title/133737 996 $6260$aRoma :$bReale Accademia d'Italia$9(OLS)http://pul/publisher/51191 LEADER 01373nam a2200289 u 4500 001 000000080613 003 CaOOAMICUS 005 20120528151441.0 008 050113s2002 it u000 u spa u 035 $a11021772 040 $aPUL$bita 100 1 $aMartínez Vigil-Escalera, José.$0(OLS)http://pul/name/53736 245 13$aLa existencia en Julián Marías /$cJosé Martínez Vigil-Escalera. 260 $aRomae :$b[s.n.],$c2002. 300 $a333 p.$c25 cm 500 $aSul front.: "Thesis ad Doctoratum in Philosophia totaliter edita". 500 $aIn testa al front.: "Pontificia Universitas Sanctae Crucis, Facultas Philosophiae". 502 $aThesis (Doct.) -- Pontificia Universitas Sanctae Crucis. Facultas Philosophiae, 2002. 504 $aBibliografia : p. 303-333. 600 14$aMarías, Julián,$d1914-$0(OLS)http://pul/subject/21779 650 4$aPersona (filosofia).$0(OLS)http://pul/subject/2012 710 2 $aPontificia Università della Santa Croce.$bFacoltà di filosofia.$kTesi.$0(OLS)http://pul/name/53726 850 $aPUL 852 $aPUL$W1$xDP1 Tesi Pon. Univ. S. Croce$y43$m2002 A 6$j102960$nBK-PRI$qTesi$B102960$CPULBib$Z2$F102960 $H96835 $82 941 1 $a16 996 $6245$aLa existencia en Julián Marías$9(OLS)http://pul/title/105565 996 $6260$aRomae :$b[s.n.]$9(OLS)http://pul/publisher/48223